000 00320 a2200157 4500
001 162730
020 _a
040 _cMagnum
100 _aMarques, Amadeu
240 1 0 _aHome sweet home
_lING
245 1 0 _aHome sweet home
362 0 _a1899
440 1 _aÁtica
697 _aLITERATURA ESTRANGEIRA
942 _cBK
999 _c162730
_d162730